000 00670nab a2200181 4500
001 244442
003 OSt
005 20240206101432.0
007 tu
008 200917s2020|||||||
040 _aDE-2950
_cDE-2950
245 0 0 _aÜ12-Party ist absoluter Hit
_bAusverkauft. In Frankfurt sind die Ü12-Partys der Hit schlechthin. Im März 2024 steigt die vierte Ausgabe. Die Tickets dafür waren in ganz kurzer Zeit fast ausverkauft. Es gibt nur noch wenige Restkarten/
_cLisa Larossa
264 _c2024
653 _aFrankfurt (Oder)
653 _aÜ12-Party
773 0 _g35. Jahrgang (2024) Nr. 31 vom 06.02.2024, S. 15 mit Foto
_tMärkische Oderzeitung
942 _2z
_cA
999 _c372966
_d372966